[Event "Roquetas de Mar op 35th"]
[Site "Roquetas de Mar"]
[Date "2024.01.06"]
[Round "8"]
[White "Vergara Anton, Diego"]
[Black "Peng, Li Min"]
[Result "0-1"]
[WhiteElo "2346"]
[BlackElo "2575"]
[PlyCount "94"]
[EventDate "2024.01.02"]
[EventType "swiss"]
[EventRounds "9"]
[EventCountry "ESP"]
[SourceTitle "CB02_2024"]
[SourceDate "2024.01.10"]
[SourceVersion "1"]
[SourceVersionDate "2024.01.10"]
[SourceQuality "1"]

1. Nf3 d5 2. e3 Nf6 3. c4 e6 4. b3 Bd6 5. Bb2 0-0 6. Be2 b6 7. 0-0 Bb7 8. Nc3 a6 9. Rc1 Qe7 10. d4 Nbd7 11. Nd2 c5 12. Bf3 Ra7 13. Re1 cxd4 14. exd4 dxc4 15. Bxb7 Rxb7 16. Nxc4 b5 17. Ne3 Nb6 18. Qf3 Rc7 19. Nf5 Qd7 20. Nxd6 Qxd6 21. Ne4 Nxe4 22. Rxc7 Qxc7 23. Qxe4 Rc8 24. d5 Nxd5 25. Qg4 Nc3 26. h3 Qc5 27. a3 Qd5 28. Bxc3 Rxc3 29. Rd1 h5 30. Qe2 Qf5 31. Rd8+ Kh7 32. b4 Rxa3 33. Rd4 e5 34. Rh4 g6 35. Re4 Kg7 36. f3 Rc3 37. Qb2 Rc4 38. Re2 Qf4 39. Rxe5 Rxb4 40. Qe2 Rb1+ 41. Kf2 Qd4+ 42. Qe3 Qxe3+ 43. Kxe3 a5 44. Re8 a4 45. Ra8 Rb3+ 46. Kf4 a3 47. Ke4 Rb4+ 0-1

[Event "ESP-ch Rapid"]
[Site "Linares"]
[Date "2023.08.19"]
[Round "9"]
[White "Rodriguez Ferreiros, Andres"]
[Black "Vergara Anton, Diego"]
[Result "0-1"]
[WhiteElo "2130"]
[BlackElo "2337"]
[PlyCount "122"]
[EventDate "2023.08.19"]
[EventType "swiss (rapid)"]
[EventRounds "10"]
[EventCountry "ESP"]
[SourceTitle "CBM 215 Extra"]
[Source "ChessBase"]
[SourceDate "2023.09.30"]
[SourceVersion "1"]
[SourceVersionDate "2023.09.30"]
[SourceQuality "1"]

1. e4 e6 2. d4 d5 3. Nd2 Be7 4. c4 dxe4 5. Nxe4 Nd7 6. Nf3 Ngf6 7. Nc3 0-0 8. Be2 c5 9. d5 exd5 10. cxd5 Nb6 11. 0-0 Nbxd5 12. Nxd5 Qxd5 13. Qa4 Bd7 14. Qf4 Qe4 15. Re1 Qxf4 16. Bxf4 Rfe8 17. Ne5 Be6 18. Bf3 Bd5 19. Rad1 Rad8 20. h3 h6 21. a3 Bf8 22. Bg3 Bxf3 23. Nxf3 Rxe1+ 24. Rxe1 Bd6 25. Rd1 Bc7 26. Rxd8+ Bxd8 27. Bb8 a6 28. Ne5 Nd5 29. Kf1 Bf6 30. Ke2 Bxe5 31. Bxe5 f6 32. Bd6 c4 33. Kf3 f5 34. g4 g6 35. h4 h5 36. gxh5 gxh5 37. Be5 Kf7 38. Bd4 Ke6 39. Bg7 Kd6 40. Ke2 Kc5 41. Kd2 Nc7 42. Ke3 Ne6 43. Bf6 Kb5 44. Kd2 Kc5 45. Ke3 Kd5 46. Bc3 b6 47. Bf6 Kc5 48. Be7+ Kb5 49. Kd2 Kc6 50. Kc3 Kd5 51. Bf6 b5 52. Kb4 Kc6 53. Ka5 Kb7 54. a4 Kc6 55. Be7 Nc5 56. axb5+ axb5 57. Bf6 Nd3 58. Bd4 Kd5 59. Ba7 Nxb2 60. Kxb5 Nd3 61. Bb6 c3 0-1

[Event "ESP-ch Rapid"]
[Site "Linares"]
[Date "2023.08.19"]
[Round "10"]
[White "Vergara Anton, Diego"]
[Black "Cruz Lledo, Pablo"]
[Result "1-0"]
[WhiteElo "2337"]
[BlackElo "2364"]
[PlyCount "67"]
[EventDate "2023.08.19"]
[EventType "swiss (rapid)"]
[EventRounds "10"]
[EventCountry "ESP"]
[SourceTitle "CBM 215 Extra"]
[Source "ChessBase"]
[SourceDate "2023.09.30"]
[SourceVersion "1"]
[SourceVersionDate "2023.09.30"]
[SourceQuality "1"]

1. d4 d5 2. Nf3 Nf6 3. g3 e6 4. Bg2 Be7 5. 0-0 0-0 6. c4 dxc4 7. Qc2 c6 8. Qxc4 b5 9. Qc2 Bb7 10. a4 b4 11. Rd1 Qb6 12. a5 Qb5 13. e4 c5 14. e5 Be4 15. Qd2 Nd5 16. dxc5 Nc6 17. Nd4 Nxd4 18. Qxd4 Bxg2 19. Kxg2 Rfd8 20. Qg4 Qxc5 21. Nd2 Qc2 22. Ne4 h5 23. Qf3 Rac8 24. Bg5 Bxg5 25. Nxg5 Qg6 26. h4 Rc2 27. Rac1 Rdc8 28. Rxc2 Rxc2 29. Rd4 Rc8 30. a6 Rc7 31. Rxb4 Kf8 32. Rb8+ Ke7 33. Qa3+ Kd7 34. Qd6# 1-0

[Event "ESP-ch Rapid"]
[Site "Linares"]
[Date "2023.08.19"]
[Round "2"]
[White "Vergara Anton, Diego"]
[Black "Rodriguez Redondo, Adhara"]
[Result "0-1"]
[WhiteElo "2337"]
[BlackElo "2153"]
[PlyCount "128"]
[EventDate "2023.08.19"]
[EventType "swiss (rapid)"]
[EventRounds "10"]
[EventCountry "ESP"]
[SourceTitle "CBM 215 Extra"]
[Source "ChessBase"]
[SourceDate "2023.09.30"]
[SourceVersion "1"]
[SourceVersionDate "2023.09.30"]
[SourceQuality "1"]

1. d4 Nf6 2. Nf3 d5 3. g3 e6 4. Bg2 Be7 5. 0-0 0-0 6. c4 dxc4 7. Qc2 a6 8. a4 Bd7 9. Qxc4 Bc6 10. Bg5 a5 11. Nc3 Nbd7 12. Rfd1 h6 13. Bf4 Nb6 14. Qb3 Nbd5 15. Ne5 Nxc3 16. bxc3 Bxg2 17. Kxg2 Qd5+ 18. Qxd5 Nxd5 19. Bd2 Rfd8 20. c4 Nb4 21. Bxb4 Bxb4 22. e3 c5 23. Rab1 cxd4 24. exd4 f6 25. Nf3 Rac8 26. c5 Rd5 27. Rdc1 g5 28. h3 h5 29. Rc4 Kf7 30. g4 h4 31. Rb2 Rc6 32. Re2 b6 33. Rcc2 bxc5 34. dxc5 Rcxc5 35. Rxc5 Bxc5 36. Rb2 Bb4 37. Rc2 e5 38. Rc7+ Ke6 39. Rc4 Rc5 40. Re4 Kd5 41. Re2 e4 42. Nh2 Rc4 43. Nf1 Bc5 44. Rd2+ Ke5 45. Ra2 Bd4 46. Nd2 Rb4 47. Kf1 Bc3 48. Kg2 Bxd2 49. Rxd2 Rxa4 50. Rd8 Ra2 51. Re8+ Kd4 52. Rd8+ Kc5 53. Re8 Kd5 54. Rd8+ Ke5 55. Re8+ Kf4 56. Re6 f5 57. Rf6 e3 58. Rxf5+ Ke4 59. Rxg5 e2 60. Rg8 Ra1 61. Re8+ Kd3 62. Rd8+ Kc4 63. Rc8+ Kb5 64. Rb8+ Kc6 0-1

[Event "ESP-ch Rapid"]
[Site "Linares"]
[Date "2023.08.19"]
[Round "8"]
[White "Vergara Anton, Diego"]
[Black "Torres Rebolledo, Victor"]
[Result "1-0"]
[WhiteElo "2337"]
[BlackElo "2014"]
[PlyCount "125"]
[EventDate "2023.08.19"]
[EventType "swiss (rapid)"]
[EventRounds "10"]
[EventCountry "ESP"]
[SourceTitle "CBM 215 Extra"]
[Source "ChessBase"]
[SourceDate "2023.09.30"]
[SourceVersion "1"]
[SourceVersionDate "2023.09.30"]
[SourceQuality "1"]

1. d4 Nf6 2. Nf3 e6 3. g3 d5 4. Bg2 Be7 5. c4 0-0 6. Nc3 dxc4 7. Ne5 Nc6 8. Bxc6 bxc6 9. Nxc6 Qe8 10. Nxe7+ Qxe7 11. Qa4 c5 12. dxc5 Qxc5 13. Be3 Qc7 14. Rd1 Bb7 15. f3 Nd5 16. Nxd5 Bxd5 17. Qa3 a5 18. Kf2 Rfc8 19. Qc3 Qb7 20. Rd2 Qb4 21. Bd4 Qxc3 22. Bxc3 f5 23. h4 g6 24. Re1 Rd8 25. Red1 Rf8 26. Ke3 a4 27. a3 Kf7 28. Kf4 Rfc8 29. e4 Bc6 30. Kg5 Ra7 31. Kh6 fxe4 32. fxe4 Bxe4 33. Rd7+ Rxd7 34. Rxd7+ Ke8 35. Rxh7 Rc5 36. Rh8+ Kf7 37. Rh7+ Ke8 38. g4 e5 39. Bb4 Rb5 40. Rc7 Bd3 41. Kg5 Kd8 42. Ra7 Bc2 43. Bc3 Ke8 44. Kf6 e4 45. Kxg6 e3+ 46. Kf6 Rb6+ 47. Ke5 e2 48. Ra5 Rxb2 49. Kd4 Rb3 50. Re5+ Kf7 51. Rxe2 Bd3 52. Rf2+ Kg6 53. Bb4 Rb1 54. Rf8 Rg1 55. h5+ Kh6 56. Bd2+ Kg7 57. Rf4 Be2 58. h6+ Kg6 59. Ke3 Bxg4 60. Kf2 Rd1 61. Rxg4+ Kf5 62. Ke2 Rh1 63. Rxc4 1-0

[Event "ESP-chT CECLUB Div2"]
[Site "Linares"]
[Date "2023.08.16"]
[Round "5.11"]
[White "Martinez Duany, Lelys Stanley"]
[Black "Vergara Anton, Diego"]
[Result "1/2-1/2"]
[WhiteElo "2486"]
[BlackElo "2337"]
[PlyCount "61"]
[EventDate "2023.08.13"]
[EventType "team-swiss"]
[EventRounds "7"]
[EventCountry "ESP"]
[SourceTitle "EXT 2024"]
[Source "ChessBase"]
[SourceDate "2023.10.10"]
[SourceVersion "1"]
[SourceVersionDate "2023.10.10"]
[SourceQuality "1"]
[WhiteTeam "Gijon 64"]
[BlackTeam "Vetusta Chess"]
[WhiteTeamCountry "ESP"]
[BlackTeamCountry "ESP"]

1. Nf3 d5 2. c4 e6 3. g3 Nf6 4. Bg2 Be7 5. 0-0 0-0 6. b3 b6 7. Bb2 Bb7 8. e3 c5 9. Qe2 Qc8 10. Ne5 Rd8 11. d3 Nc6 12. Nxc6 Bxc6 13. Rd1 Qb7 14. Nc3 Rd7 15. e4 dxe4 16. dxe4 Rad8 17. Rxd7 Rxd7 18. Rd1 Rxd1+ 19. Qxd1 Ne8 20. Qd3 Bf6 21. Nd1 Bxb2 22. Nxb2 e5 23. Nd1 Qd7 24. Qxd7 Bxd7 25. f4 f6 26. Kf2 Kf7 27. Ke3 Ke7 28. Nc3 Kd6 29. h4 Nc7 30. Bf3 a6 31. Be2 1/2-1/2

[Event "Asturias-ch"]
[Site "Oviedo"]
[Date "2023.04.05"]
[Round "4"]
[White "Vergara Anton, Diego"]
[Black "Hernandez, Cristian Andres"]
[Result "0-1"]
[WhiteElo "2306"]
[BlackElo "2384"]
[PlyCount "112"]
[EventDate "2023.04.03"]
[EventType "tourn"]
[EventRounds "9"]
[EventCountry "ESP"]
[EventCategory "3"]
[SourceTitle "EXT 2024"]
[Source "ChessBase"]
[SourceDate "2023.10.10"]
[SourceVersion "1"]
[SourceVersionDate "2023.10.10"]
[SourceQuality "1"]

1. d4 d5 2. Nf3 Nf6 3. g3 e6 4. Bg2 b5 5. a4 b4 6. c4 bxc3 7. Nxc3 Be7 8. 0-0 0-0 9. Ne5 Ba6 10. Bf4 Nfd7 11. Nf3 c6 12. Re1 f5 13. Qd2 h6 14. h4 Bb7 15. Qe3 Kf7 16. Bh3 Re8 17. h5 Nf6 18. Ne5+ Kg8 19. Bxh6 Nxh5 20. g4 gxh6 21. gxh5 Bg5 22. Qg3 Re7 23. Kh1 Rg7 24. Rg1 Nd7 25. a5 Nxe5 26. Qxe5 Qf6 27. Qxf6 Bxf6 28. Rxg7+ Bxg7 29. a6 Bc8 30. e3 Rb8 31. Ra2 Bf8 32. Bf1 c5 33. dxc5 Bxc5 34. Ra5 Bb4 35. Ra4 Bd6 36. Ra2 Bd7 37. f4 Bc5 38. Nd1 Rb4 39. Ra3 d4 40. exd4 Rxd4 41. Rd3 Bc6+ 42. Kh2 Rxf4 43. Rc3 Bd4 44. Rxc6 Rxf1 45. Rc1 Kf7 46. Kg2 Rg1+ 47. Kf3 Kf6 48. Ke2 Bxb2 49. Rc4 Be5 50. Ne3 f4 51. Nc2 Rg3 52. Nb4 Ra3 53. Rc6 f3+ 54. Kd2 Bc3+ 55. Rxc3 Rxc3 56. Kxc3 f2 0-1

[Event "Roquetas de Mar op 34th"]
[Site "Roquetas de Mar"]
[Date "2023.01.05"]
[Round "5"]
[White "Stany, George Anthony"]
[Black "Vergara Anton, Diego"]
[Result "1/2-1/2"]
[WhiteElo "2510"]
[BlackElo "2314"]
[PlyCount "99"]
[EventDate "2023.01.03"]
[EventType "swiss"]
[EventRounds "9"]
[EventCountry "ESP"]
[SourceTitle "CBM 212 Extra"]
[Source "ChessBase"]
[SourceDate "2023.03.31"]
[SourceVersion "1"]
[SourceVersionDate "2023.03.31"]
[SourceQuality "1"]

1. d4 d5 2. c4 e6 3. Nf3 Nf6 4. g3 Be7 5. Bg2 0-0 6. 0-0 dxc4 7. Qc2 a6 8. a4 Bd7 9. Qxc4 Bc6 10. Bg5 Nbd7 11. Nc3 h6 12. Bxf6 Nxf6 13. Rfd1 a5 14. e3 Bxf3 15. Bxf3 c6 16. Rac1 Qb6 17. Kg2 Rad8 18. h4 h5 19. Rc2 g6 20. Rcd2 Kg7 21. Ne2 Bb4 22. Rd3 Rd7 23. Nc1 Rfd8 24. Rb3 Qc7 25. Nd3 Bd6 26. Rc1 Re7 27. Qc3 Nd5 28. Bxd5 exd5 29. Nc5 Bxc5 30. Qxc5 Ra8 31. Rb6 Re6 32. Rb1 Qe7 33. Qc2 Qc7 34. Rb5 Qd7 35. Rc5 Rf6 36. b4 axb4 37. Rxb4 Re8 38. Qe2 Ra8 39. Rc3 Ra7 40. Rcb3 Re6 41. Qb2 Re7 42. Qc2 Re8 43. Rb6 Rea8 44. R3b4 Re8 45. Qb3 Re7 46. Qb1 Qc8 47. Qc2 Qg4 48. Qb1 Qc8 49. Qc2 Qg4 50. Qb1 1/2-1/2

[Event "Lorca Christmas op"]
[Site "Lorca"]
[Date "2022.12.27"]
[Round "3"]
[White "Vergara Anton, Diego"]
[Black "Ubilava, Elizbar"]
[Result "0-1"]
[WhiteElo "2288"]
[BlackElo "2445"]
[PlyCount "64"]
[EventDate "2022.12.26"]
[EventType "swiss"]
[EventRounds "9"]
[EventCountry "ESP"]
[SourceTitle "CBM 211 Extra"]
[Source "ChessBase"]
[SourceDate "2023.01.31"]
[SourceVersion "1"]
[SourceVersionDate "2023.01.31"]
[SourceQuality "1"]

1. d4 Nf6 2. Nf3 e6 3. g3 c5 4. Bg2 cxd4 5. 0-0 d5 6. Nxd4 e5 7. Nf3 Nc6 8. c4 d4 9. e3 Be7 10. exd4 exd4 11. Bf4 Be6 12. Ne5 Rc8 13. Nxc6 bxc6 14. Be5 c5 15. Bb7 Ng4 16. Re1 Nxe5 17. Rxe5 Rb8 18. Bd5 0-0 19. Bxe6 fxe6 20. Qd3 Rxb2 21. Nd2 Qa5 22. Nb3 Qc3 23. Qxc3 dxc3 24. Rxe6 Bf6 25. f4 c2 26. Rc1 Rxa2 27. Kg2 Rb8 28. Nd2 Rb1 29. Ree1 Bc3 30. Rxc2 Rxc2 31. Rxb1 Rxd2+ 32. Kf3 Bb2 0-1

[Event "ESP-chT CECLUB Div2"]
[Site "Linares"]
[Date "2022.08.26"]
[Round "6.8"]
[White "Palacios Herrero, Pablo"]
[Black "Vergara Anton, Diego"]
[Result "0-1"]
[WhiteElo "2218"]
[BlackElo "2288"]
[PlyCount "90"]
[EventDate "2022.08.22"]
[EventType "team-swiss"]
[EventRounds "7"]
[EventCountry "ESP"]
[SourceTitle "CBM 209 Extra"]
[Source "ChessBase"]
[SourceDate "2022.09.30"]
[SourceVersion "1"]
[SourceVersionDate "2022.09.30"]
[SourceQuality "1"]
[WhiteTeam "Palacio de Pioneros"]
[BlackTeam "Vetusta Chess"]
[WhiteTeamCountry "ESP"]
[BlackTeamCountry "ESP"]

1. e4 c6 2. Nf3 d5 3. d3 dxe4 4. dxe4 Qxd1+ 5. Kxd1 Nf6 6. Nfd2 e5 7. f3 Bc5 8. Nb3 Bb6 9. a4 0-0 10. Bc4 a5 11. Ke2 Nbd7 12. N1d2 Rd8 13. Bd3 Bc7 14. Nc4 b6 15. Be3 Rb8 16. Rhd1 Nf8 17. Kf2 Be6 18. Be2 Rxd1 19. Rxd1 h6 20. h4 Ng6 21. g3 Ne8 22. Kg2 Ne7 23. Bf2 Nc8 24. Ne3 Ned6 25. Be1 Ne7 26. Bc3 f6 27. Bd3 Rd8 28. Kf2 Bf7 29. Ke2 Ng6 30. Nf5 Nxf5 31. exf5 Ne7 32. Nc1 e4 33. fxe4 Bh5+ 34. Kd2 Bxd1 35. Kxd1 Bxg3 36. h5 Be5 37. Bxe5 fxe5 38. Ke2 Kf7 39. Nb3 Nc8 40. Nd2 Nd6 41. Ke3 b5 42. axb5 cxb5 43. c3 Kf6 44. Nb3 a4 45. Nc5 Nc4+ 0-1

[Event "ESP-ch U16 Rapid"]
[Site "Salobrena"]
[Date "2022.07.31"]
[Round "6"]
[White "Martin Ramos, Hector"]
[Black "Vergara Anton, Diego"]
[Result "0-1"]
[WhiteElo "1614"]
[BlackElo "1867"]
[PlyCount "80"]
[EventDate "2022.07.30"]
[EventType "swiss (rapid)"]
[EventRounds "9"]
[EventCountry "ESP"]
[SourceTitle "EXT 2023"]
[Source "ChessBase"]
[SourceDate "2022.10.05"]
[SourceVersion "1"]
[SourceVersionDate "2022.10.05"]
[SourceQuality "1"]

1. e4 e6 2. d4 d5 3. Nc3 Nf6 4. Bg5 Be7 5. exd5 Nxd5 6. Bxe7 Qxe7 7. Be2 Qb4 8. Rb1 Nxc3 9. bxc3 Qxc3+ 10. Qd2 Qxd2+ 11. Kxd2 0-0 12. Bf3 c6 13. c4 Rd8 14. Kc3 Nd7 15. Ne2 Nf6 16. Rhd1 Rb8 17. Bxc6 b6 18. Nf4 Ba6 19. d5 e5 20. Nd3 Ne4+ 21. Kb4 f6 22. f3 Nd6 23. Rbc1 Nf5 24. Rd2 Nd4 25. Ba4 b5 26. cxb5 Bxb5 27. Nc5 Bxa4+ 28. Kxa4 Rxd5 29. Nb3 Rd6 30. Ka3 Nxb3 31. Rxd6 Nxc1 32. Rd1 Rc8 33. Rd2 Kf7 34. Kb2 Kg6 35. g3 Kf5 36. a3 e4 37. Rd5+ Ke6 38. fxe4 Ne2 39. Rd2 Nc3 40. Rd1 Ke5 0-1

[Event "ESP-ch U16 Rapid"]
[Site "Salobrena"]
[Date "2022.07.31"]
[Round "5"]
[White "Vergara Anton, Diego"]
[Black "Aguado Doncel, Pablo Luis"]
[Result "1/2-1/2"]
[WhiteElo "1867"]
[BlackElo "1674"]
[PlyCount "110"]
[EventDate "2022.07.30"]
[EventType "swiss (rapid)"]
[EventRounds "9"]
[EventCountry "ESP"]
[SourceTitle "EXT 2023"]
[Source "ChessBase"]
[SourceDate "2022.10.05"]
[SourceVersion "1"]
[SourceVersionDate "2022.10.05"]
[SourceQuality "1"]

1. d4 Nf6 2. Nf3 e6 3. g3 c5 4. Bg2 cxd4 5. 0-0 d5 6. Nxd4 e5 7. Nf3 Nc6 8. c4 d4 9. e3 Be7 10. exd4 exd4 11. Bf4 Be6 12. Ne5 Rc8 13. Nxc6 bxc6 14. Be5 c5 15. Nd2 0-0 16. Bb7 d3 17. Re1 Qd7 18. Bxc8 Rxc8 19. Bc3 Bg4 20. Rxe7 Qd8 21. Qe1 h5 22. Bxf6 gxf6 23. h4 Qd4 24. Re8+ Rxe8 25. Qxe8+ Kg7 26. Qe3 Qxb2 27. Rb1 Qc2 28. Kg2 Bf5 29. Rb8 Be6 30. Ne4 Qxc4 31. Nxf6 Bd5+ 32. Nxd5 Qxd5+ 33. Kg1 d2 34. Qc3+ f6 35. Rb7+ Qxb7 36. Qxd2 Qb1+ 37. Kh2 Qf5 38. Qe3 Qc2 39. Kg2 c4 40. Qxa7+ Kg6 41. Qa8 c3 42. Qg8+ Kh6 43. Qf8+ Kg6 44. Qe8+ Kg7 45. Qe7+ Kg6 46. g4 hxg4 47. Qe8+ Kg7 48. Qe7+ Kg6 49. Qe8+ Kg7 50. Qd7+ Kf8 51. Qxg4 Qd2 52. Qc8+ Kf7 53. Qc7+ Kf8 54. Qc8+ Kf7 55. Qc7+ Kf8 1/2-1/2

[Event "ESP-ch U16 Rapid"]
[Site "Salobrena"]
[Date "2022.07.30"]
[Round "2"]
[White "Kocharyan Baghdasaryan, Arman"]
[Black "Vergara Anton, Diego"]
[Result "0-1"]
[WhiteElo "1529"]
[BlackElo "1867"]
[PlyCount "240"]
[EventDate "2022.07.30"]
[EventType "swiss (rapid)"]
[EventRounds "9"]
[EventCountry "ESP"]
[SourceTitle "EXT 2023"]
[Source "ChessBase"]
[SourceDate "2022.10.05"]
[SourceVersion "1"]
[SourceVersionDate "2022.10.05"]
[SourceQuality "1"]

1. e4 e6 2. d4 d5 3. Nd2 Be7 4. c3 c5 5. dxc5 Nf6 6. Bd3 dxe4 7. Nxe4 Nxe4 8. Bxe4 Qxd1+ 9. Kxd1 Bxc5 10. Ke2 f5 11. Bc2 b6 12. Be3 Ba6+ 13. Bd3 Bxd3+ 14. Kxd3 Nd7 15. Ne2 0-0-0 16. Bxc5 Nxc5+ 17. Ke3 Rd3+ 18. Kf4 Rd2 19. Ke3 Rd3+ 20. Kf4 g5+ 21. Kxg5 Rg8+ 22. Kh4 Rxg2 23. Rag1 Rxf2 24. Nc1 Rdd2 25. h3 Rxb2 26. Rg8+ Kb7 27. Rhg1 Rf4+ 28. Kg5 e5 29. Rg7+ Ka6 30. Rxh7 Rh2 31. h4 Ne4+ 32. Kg6 Rg4+ 33. Rxg4 fxg4 34. Kf5 Nxc3 35. Kxg4 e4 36. h5 e3 37. h6 Nd5 38. Rh8 Rc2 39. Nd3 Rd2 40. Nc1 Rd1 41. Ne2 Rd2 42. Kf3 Rxa2 43. Rd8 Nf6 44. Rd6 Nh7 45. Kxe3 Ra3+ 46. Kf4 Rh3 47. Ng3 Kb5 48. Rd7 Rxh6 49. Rxa7 Rh4+ 50. Ke5 Ng5 51. Nf5 Nf3+ 52. Kd6 Rf4 53. Ne7 Rd4+ 54. Nd5 Nd2 55. Ke5 Rh4 56. Nc3+ Kc6 57. Ra2 Nc4+ 58. Kf5 b5 59. Nxb5 Kxb5 60. Rg2 Kc5 61. Kg5 Rh8 62. Ra2 Kd5 63. Ra6 Ke5 64. Ra4 Ne3 65. Ra5+ Nd5 66. Kg4 Rf8 67. Kg3 Ke4 68. Ra4+ Kd3 69. Kg4 Ne3+ 70. Kg5 Nc4 71. Kg4 Kd4 72. Kg5 Kd5 73. Kg4 Ne3+ 74. Kg3 Nc2 75. Kg4 Rf7 76. Kg3 Nd4 77. Kg4 Ke5 78. Ra5+ Ke4 79. Kg5 Nc6 80. Rb5 Rf1 81. Rb6 Nd4 82. Rb4 Ke5 83. Ra4 Rg1+ 84. Kh4 Rg8 85. Kh5 Ne6 86. Ra5+ Ke4 87. Ra4+ Nd4 88. Kh4 Ke5 89. Ra5+ Ke4 90. Ra4 Rg7 91. Rc4 Ke5 92. Ra4 Nf3+ 93. Kh3 Kf5 94. Rb4 Nd2 95. Kh4 Ne4 96. Kh3 Kf4 97. Ra4 Rg3+ 98. Kh2 Rg6 99. Kh3 Rb6 100. Rc4 Kf3 101. Kh2 Ra6 102. Rb4 Nd2 103. Kh3 Rh6+ 104. Rh4 Rg6 105. Ra4 Ne4 106. Ra3+ Kf4 107. Ra4 Rg7 108. Rb4 Ra7 109. Kg2 Ra2+ 110. Kh3 Rc2 111. Ra4 Rb2 112. Rc4 Kf3 113. Ra4 Rb3 114. Kh4 Kf4 115. Kh5 Rb6 116. Rc4 Kf5 117. Ra4 Rb5 118. Kh4 Rb1 119. Kh3 Rb2 120. Kh4 Rh2# 0-1

[Event "ESP-ch U16 Rapid"]
[Site "Salobrena"]
[Date "2022.07.30"]
[Round "1"]
[White "Vergara Anton, Diego"]
[Black "Borruel Lopez, Mateo"]
[Result "1-0"]
[WhiteElo "1867"]
[BlackElo "1418"]
[PlyCount "69"]
[EventDate "2022.07.30"]
[EventType "swiss (rapid)"]
[EventRounds "9"]
[EventCountry "ESP"]
[SourceTitle "EXT 2023"]
[Source "ChessBase"]
[SourceDate "2022.10.05"]
[SourceVersion "1"]
[SourceVersionDate "2022.10.05"]
[SourceQuality "1"]

1. c4 e5 2. g3 Nc6 3. Bg2 f5 4. Nc3 g6 5. e3 Bg7 6. Nge2 Nf6 7. 0-0 d6 8. d4 0-0 9. dxe5 dxe5 10. e4 Be6 11. b3 Qe7 12. Nd5 Qf7 13. Nec3 Nd4 14. exf5 gxf5 15. Nxf6+ Bxf6 16. Nd5 Bg7 17. Bb2 c6 18. Bxd4 exd4 19. Nf4 Rad8 20. Nd3 Bc8 21. Qd2 Rfe8 22. Rfe1 Rxe1+ 23. Rxe1 Re8 24. Rxe8+ Qxe8 25. Bf3 Qe7 26. Qf4 Qe6 27. Kg2 Bh6 28. Qb8 b6 29. Qxa7 b5 30. cxb5 cxb5 31. Qxd4 Qd7 32. Bd5+ Kf8 33. Qf6+ Ke8 34. Bc6 Bb7 35. Qe6+ 1-0

[Event "ESP-ch U16"]
[Site "Salobrena"]
[Date "2022.07.30"]
[Round "9"]
[White "Vergara Anton, Diego"]
[Black "Odriozola Coscolin, Alex"]
[Result "1-0"]
[WhiteElo "2245"]
[BlackElo "1882"]
[PlyCount "95"]
[EventDate "2022.07.25"]
[EventType "swiss"]
[EventRounds "9"]
[EventCountry "ESP"]
[SourceTitle "EXT 2023"]
[Source "ChessBase"]
[SourceDate "2022.10.05"]
[SourceVersion "1"]
[SourceVersionDate "2022.10.05"]
[SourceQuality "1"]

1. d4 Nf6 2. Nf3 g6 3. g3 Bg7 4. Bg2 d6 5. 0-0 0-0 6. b3 c5 7. c4 e5 8. dxe5 dxe5 9. Qxd8 Rxd8 10. Bb2 e4 11. Nfd2 Re8 12. Nc3 Bf5 13. Nb5 Re7 14. Rfd1 Nc6 15. Nf1 Ne8 16. Bxg7 Kxg7 17. Ne3 a6 18. Nc3 Nf6 19. Ned5 Re5 20. Nxf6 Kxf6 21. Rd6+ Ke7 22. Rad1 Nd4 23. Rd5 Rxd5 24. Nxd5+ Kf8 25. e3 Nf3+ 26. Bxf3 exf3 27. Nc3 Rc8 28. Kf1 Be6 29. Ke1 g5 30. e4 h6 31. Kd2 Rd8+ 32. Ke3 Rxd1 33. Nxd1 h5 34. Nc3 Ke7 35. Kxf3 Kd6 36. Ke3 Bd7 37. f4 f6 38. e5+ fxe5 39. Ne4+ Kc6 40. fxe5 g4 41. Kf4 b5 42. Kg5 bxc4 43. bxc4 Be6 44. Nd2 Kd7 45. Kf6 Bg8 46. Ne4 Bxc4 47. e6+ Kc7 48. e7 1-0

[Event "ESP-ch U16"]
[Site "Salobrena"]
[Date "2022.07.29"]
[Round "8"]
[White "Diaz Reyes, Killian"]
[Black "Vergara Anton, Diego"]
[Result "1-0"]
[WhiteElo "2012"]
[BlackElo "2245"]
[PlyCount "141"]
[EventDate "2022.07.25"]
[EventType "swiss"]
[EventRounds "9"]
[EventCountry "ESP"]
[SourceTitle "EXT 2023"]
[Source "ChessBase"]
[SourceDate "2022.10.05"]
[SourceVersion "1"]
[SourceVersionDate "2022.10.05"]
[SourceQuality "1"]

1. e4 e6 2. Nf3 d5 3. exd5 exd5 4. d4 Bd6 5. c4 Nf6 6. Nc3 0-0 7. Be2 dxc4 8. 0-0 Be6 9. Ng5 Bf5 10. Bxc4 c6 11. Nxf7 Rxf7 12. Bxf7+ Kxf7 13. Qb3+ Kf8 14. Qxb7 Nbd7 15. Qxc6 Nb6 16. Nb5 Be7 17. Nc7 Rc8 18. Ne6+ Bxe6 19. Qxe6 Qxd4 20. Be3 Qd5 21. Qxd5 Nfxd5 22. Bxb6 Nxb6 23. Rac1 Rxc1 24. Rxc1 Bd6 25. Re1 Be7 26. Re5 Ke8 27. Ra5 Nc8 28. f4 Kd7 29. g4 Kc6 30. Rh5 h6 31. g5 hxg5 32. fxg5 Nd6 33. h4 Nf5 34. Rh8 Kd5 35. Kg2 Ke4 36. Kh3 Kf4 37. Rc8 Bd6 38. b4 Ne3 39. Rd8 Nf5 40. a3 Be5 41. Rf8 Bb2 42. a4 Bd4 43. a5 Ke5 44. Kg4 Ne3+ 45. Kf3 Nc2 46. b5 Bc5 47. Rf7 Nd4+ 48. Kg4 g6 49. b6 axb6 50. a6 b5 51. a7 Bxa7 52. Rxa7 Kd5 53. Rd7+ Kc5 54. Rg7 Nc6 55. Kf4 b4 56. Ke4 b3 57. Kd3 Kd5 58. Kc3 Ne5 59. Rg8 Ke6 60. Rf8 Kd5 61. Kxb3 Ke4 62. Rf6 Nf3 63. Rxf3 Kxf3 64. h5 gxh5 65. g6 h4 66. g7 h3 67. g8Q h2 68. Qd5+ Kf2 69. Qh1 Kg3 70. Qf1 Kh4 71. Qg2 1-0

[Event "ESP-ch U16"]
[Site "Salobrena"]
[Date "2022.07.28"]
[Round "6"]
[White "Yeste Piqueras, Marcos"]
[Black "Vergara Anton, Diego"]
[Result "0-1"]
[WhiteElo "1823"]
[BlackElo "2245"]
[PlyCount "204"]
[EventDate "2022.07.25"]
[EventType "swiss"]
[EventRounds "9"]
[EventCountry "ESP"]
[SourceTitle "EXT 2023"]
[Source "ChessBase"]
[SourceDate "2022.10.05"]
[SourceVersion "1"]
[SourceVersionDate "2022.10.05"]
[SourceQuality "1"]

1. e4 c6 2. d4 d5 3. exd5 cxd5 4. c4 Nf6 5. Nc3 Nc6 6. Bf4 e6 7. c5 a6 8. Rb1 Be7 9. Nf3 Ne4 10. Bd3 Qa5 11. 0-0 f5 12. Ne5 0-0 13. Nxc6 bxc6 14. Na4 Qd8 15. f3 Nf6 16. Nb6 Ra7 17. Qe2 Nh5 18. Be5 a5 19. Rfe1 Bd7 20. a3 Be8 21. b4 Bf6 22. b5 cxb5 23. Bxb5 Bxb5 24. Rxb5 Re8 25. Rb3 Bxe5 26. Qxe5 Nf6 27. Na4 Qc7 28. Qxc7 Rxc7 29. Rb6 e5 30. Rxe5 Rxe5 31. dxe5 Nd7 32. Rd6 Nxc5 33. Nb6 Nd3 34. h3 Nxe5 35. Rxd5 Rc1+ 36. Kh2 Re1 37. Rxa5 Re2 38. f4 Nd3 39. Rxf5 Ne1 40. Nd5 g6 41. Rf6 Rxg2+ 42. Kh1 Rd2 43. Ne3 Nf3 44. Nf1 Rf2 45. Rd6 Nh4 46. Rd1 Rxf4 47. Ra1 Ra4 48. Kh2 Nf3+ 49. Kg3 Nd4 50. Ne3 Kg7 51. Ra2 h5 52. Nd5 Nb5 53. Ne3 Nc3 54. Ra1 Ne2+ 55. Kf3 Nd4+ 56. Kf2 Kh6 57. Kg3 Kg5 58. Rd1 Nf5+ 59. Nxf5 Rxa3+ 60. Ne3 Rxe3+ 61. Kg2 Kf5 62. Rd2 Kg5 63. Ra2 Re4 64. Kg3 Re3+ 65. Kg2 Kf4 66. Rf2+ Ke5 67. Ra2 Ke4 68. Ra4+ Kf5 69. Ra2 Kg5 70. Rb2 Rd3 71. Rf2 Re3 72. Ra2 Kf4 73. Rf2+ Ke4 74. Ra2 Ke5 75. Rb2 g5 76. Ra2 h4 77. Ra5+ Kf4 78. Ra4+ Re4 79. Ra2 Rd4 80. Re2 Rd3 81. Rf2+ Ke4 82. Re2+ Re3 83. Ra2 Rg3+ 84. Kh2 Rd3 85. Rg2 Kf4 86. Rg4+ Kf5 87. Rg2 Rf3 88. Ra2 Re3 89. Kg2 Rd3 90. Rf2+ Ke4 91. Re2+ Re3 92. Ra2 Rg3+ 93. Kh2 Rd3 94. Rg2 Kf5 95. Ra2 Ke4 96. Rg2 Rd5 97. Ra2 Ke3 98. Kg2 Rd2+ 99. Rxd2 Kxd2 100. Kf3 Ke1 101. Ke3 Kf1 102. Kf3 Kg1 0-1